000
00313nam a22001457a 4500
005
20160628160210.0
008
160628b xxu||||| |||| 00| 0 eng d
041
_a
eng
082
_b
10794
245
_a
Dalal Struct (Mid Cap 4000)
260
_c
2008
300
_a
425
650
_a
Management
_9
241
942
_c
BK
999
_c
4553
_d
4552